[Event "Teteven op 32nd"]
[Site "Teteven"]
[Date "2018.08.13"]
[Round "3"]
[White "Nikolov, Sasho"]
[Black "Gocheva, Rumiana B"]
[Result "1-0"]
[WhiteElo "2309"]
[BlackElo "2046"]
[PlyCount "53"]
[EventDate "2018.08.11"]
[EventType "swiss"]
[EventRounds "9"]
[EventCountry "BUL"]
[SourceTitle "CBM 186 Extra"]
[Source "ChessBase"]
[SourceDate "2018.08.24"]
[SourceVersion "1"]
[SourceVersionDate "2018.08.24"]
[SourceQuality "1"]

1. d4 e6 2. c4 c5 3. d5 exd5 4. cxd5 d6 5. Nc3 g6 6. Nf3 a6 7. a4 Nd7 8. Bf4 Qe7 9. Ra3 f6 10. Ne4 Ne5 11. Re3 Bg7 12. Qc1 Bd7 13. g3 Bxa4 14. Bh3 Bd7 15. Be6 Bxe6 16. dxe6 Qxe6 17. 0-0 Ne7 18. Bxe5 dxe5 19. Nxc5 Qc6 20. Rc3 Nd5 21. Rc2 0-0 22. Rd1 Nb4 23. Rc4 Rfc8 24. Rxb4 Qxc5 25. Rd8+ Bf8 26. Qxc5 Rxc5 27. Rxa8 1-0

[Event "Teteven op 32nd"]
[Site "Teteven"]
[Date "2018.08.12"]
[Round "2"]
[White "Gocheva, Rumiana B"]
[Black "Timev, Anzhelo"]
[Result "1-0"]
[WhiteElo "2046"]
[BlackElo "1798"]
[PlyCount "59"]
[EventDate "2018.08.11"]
[EventType "swiss"]
[EventRounds "9"]
[EventCountry "BUL"]
[SourceTitle "CBM 186 Extra"]
[Source "ChessBase"]
[SourceDate "2018.08.24"]
[SourceVersion "1"]
[SourceVersionDate "2018.08.24"]
[SourceQuality "1"]

1. e4 c6 2. d4 d5 3. Nd2 dxe4 4. Nxe4 Bf5 5. Ng3 Bg6 6. c3 Nf6 7. Nh3 h6 8. Nf4 Bh7 9. Bd3 Bxd3 10. Nxd3 Nbd7 11. 0-0 e6 12. Qf3 Be7 13. Re1 Qa5 14. a4 Qd5 15. Qe2 Bd6 16. Bf4 0-0 17. Ne5 Be7 18. Rad1 Qb3 19. Rd3 Rfe8 20. Nxd7 Nxd7 21. Ne4 Nf6 22. Rg3 Kh7 23. Nxf6+ Bxf6 24. Qe4+ g6 25. Rh3 Bg7 26. Bxh6 Qd5 27. Bg5+ Kg8 28. Qh4 Qf5 29. g4 Qd5 30. Bf6 1-0

[Event "Teteven op 32nd"]
[Site "Teteven"]
[Date "2018.08.11"]
[Round "1"]
[White "Angelov, Georgi Ang"]
[Black "Gocheva, Rumiana B"]
[Result "0-1"]
[WhiteElo "1614"]
[BlackElo "2046"]
[PlyCount "72"]
[EventDate "2018.08.11"]
[EventType "swiss"]
[EventRounds "9"]
[EventCountry "BUL"]
[SourceTitle "CBM 186 Extra"]
[Source "ChessBase"]
[SourceDate "2018.08.24"]
[SourceVersion "1"]
[SourceVersionDate "2018.08.24"]
[SourceQuality "1"]

1. d4 e6 2. c4 c5 3. Nf3 a6 4. Nc3 cxd4 5. Nxd4 Qc7 6. e4 Nf6 7. Qc2 Nc6 8. Be3 Ng4 9. 0-0-0 Nxe3 10. fxe3 Ne5 11. Qe2 Bb4 12. Kb1 Bxc3 13. bxc3 0-0 14. Nf3 b5 15. Nxe5 Qxe5 16. Rd4 bxc4 17. Qxc4 Rb8+ 18. Kc2 d5 19. exd5 exd5 20. Qxd5 Bf5+ 21. Bd3 Bxd3+ 22. Rxd3 Qf6 23. Qf3 Qb6 24. Rc1 Qb2+ 25. Kd1 Rfd8 26. Qe4 Rxd3+ 27. Qxd3 Qxg2 28. Rc2 Rb1+ 29. Rc1 Qg1+ 30. Ke2 Rb2+ 31. Rc2 Rxc2+ 32. Qxc2 Qxh2+ 33. Kd3 Qxc2+ 34. Kxc2 h5 35. Kd2 h4 36. Ke2 g5 0-1

[Event "Pleven Bulgaria Champs (Women)"]
[Site "Pleven"]
[Date "2018.05.16"]
[Round "3"]
[White "Gocheva, Rumiana B"]
[Black "Voiska, Margarita"]
[Result "1/2-1/2"]
[WhiteElo "2059"]
[BlackElo "2273"]
[PlyCount "105"]
[EventDate "2018.05.14"]
[EventType "tourn"]
[EventRounds "9"]
[EventCountry "BUL"]
[SourceTitle "CBM 184 Extra"]
[Source "ChessBase"]
[SourceDate "2018.06.28"]
[SourceVersion "1"]
[SourceVersionDate "2018.06.28"]
[SourceQuality "1"]

1. e4 e6 2. d3 d5 3. Qe2 dxe4 4. dxe4 e5 5. Nf3 Nc6 6. c3 Nf6 7. Qc2 Bc5 8. Bc4 h6 9. Nbd2 Qe7 10. b4 Bb6 11. a4 a5 12. Qb3 axb4 13. cxb4 Ng4 14. 0-0 Nd4 15. Nxd4 Bxd4 16. Ra2 Be6 17. Nf3 0-0 18. h3 Nf6 19. Nxd4 exd4 20. Bxe6 Qxe6 21. Qxe6 fxe6 22. e5 Nd5 23. Bd2 c6 24. a5 g5 25. Rc2 Nc7 26. f4 gxf4 27. Rxf4 Rxf4 28. Bxf4 Kg7 29. Rd2 Rd8 30. Rd3 Na6 31. Bd2 c5 32. bxc5 Nxc5 33. Rg3+ Kh7 34. Kf1 Ne4 35. Rd3 Kg6 36. g4 Nxd2+ 37. Rxd2 Rd5 38. Kf2 h5 39. Kf3 hxg4+ 40. hxg4 Rxa5 41. Rxd4 Rxe5 42. Rd6 b5 43. Rb6 Kf6 44. Kf4 Rc5 45. Ke4 Rc4+ 46. Kd3 Rb4 47. g5+ Kf5 48. g6 Rb3+ 49. Kc2 Rg3 50. Rxb5+ e5 51. Kd2 Rxg6 52. Rb3 Rg2+ 53. Ke1 1/2-1/2

[Event "Primorsko op"]
[Site "Primorsko"]
[Date "2017.09.23"]
[Round "8"]
[White "Gocheva, Rumiana B"]
[Black "Galunova, Tsveta"]
[Result "0-1"]
[WhiteElo "2077"]
[BlackElo "2208"]
[PlyCount "154"]
[EventDate "2017.09.17"]
[EventType "swiss"]
[EventRounds "9"]
[EventCountry "BUL"]
[SourceTitle "CBM 180 Extra"]
[Source "ChessBase"]
[SourceDate "2017.10.06"]
[SourceVersion "1"]
[SourceVersionDate "2017.10.06"]
[SourceQuality "1"]

1. e4 e5 2. Bc4 Nf6 3. d3 Bc5 4. Nf3 Nc6 5. 0-0 a6 6. c3 Ba7 7. Nbd2 d6 8. Bb3 0-0 9. Nc4 h6 10. a4 Be6 11. a5 Ne7 12. Ne3 Ng6 13. Bxe6 fxe6 14. Qb3 Qd7 15. Nf5 Nh5 16. d4 Kh7 17. Ng3 Nhf4 18. Bxf4 exf4 19. Ne2 Qb5 20. Qc2 Qh5 21. e5 dxe5 22. Nxe5 Qf5 23. Qxf5 Rxf5 24. Nf3 Re8 25. Rfe1 e5 26. dxe5 Nxe5 27. Nfd4 Rf7 28. Kf1 c5 29. Nc2 Nd3 30. Red1 Nxb2 31. Rd5 f3 32. gxf3 Rxf3 33. Ne1 Rf7 34. Ra2 Nc4 35. Ng2 Ne3+ 36. Nxe3 Rxe3 37. Rc2 Ref3 38. Ng3 c4 39. Ne4 R7f4 40. Re2 Rf5 41. Red2 R5f4 42. Re2 Rf5 43. Red2 Rxd5 44. Rxd5 Rf4 45. Re5 Kg6 46. Kg2 Rf7 47. Rd5 Rc7 48. h4 Kf7 49. f3 Ke6 50. Rd6+ Ke5 51. Kg3 Re7 52. Rd8 Ke6 53. Rd6+ Ke5 54. Rd8 Be3 55. h5 Ba7 56. Nd2 Rc7 57. Ne4 Ke6 58. Rd6+ Ke5 59. Rd8 Ke6 60. Rd6+ Kf7 61. Rg6 Rd7 62. Kg4 Bb8 63. Rb6 Be5 64. f4 Bf6 65. Nc5 Rc7 66. Rxb7 Rxb7 67. Nxb7 Bxc3 68. Nd6+ Ke6 69. Nxc4 Kd5 70. Ne3+ Ke4 71. Nf5 Bb2 72. Nd6+ Kd5 73. Ne8 Kc6 74. Kf5 Kd7 75. Nxg7 Bxg7 76. Kg6 Bf8 77. Kf7 Bb4 0-1

[Event "Primorsko op"]
[Site "Primorsko"]
[Date "2016.09.22"]
[Round "6"]
[White "Anev, Asen"]
[Black "Gocheva, Rumiana B"]
[Result "1-0"]
[WhiteElo "1956"]
[BlackElo "2088"]
[PlyCount "90"]
[EventDate "2016.09.18"]
[EventType "swiss"]
[EventRounds "9"]
[EventCountry "BUL"]
[SourceTitle "CBM 174 Extra"]
[Source "ChessBase"]
[SourceDate "2016.10.10"]
[SourceVersion "1"]
[SourceVersionDate "2016.10.10"]
[SourceQuality "1"]

1. d4 Nf6 2. c4 c5 3. d5 e5 4. Nc3 d6 5. e4 Be7 6. g3 a6 7. Bg2 0-0 8. Nge2 Bd7 9. a4 Qc8 10. 0-0 Bh3 11. f4 Bxg2 12. Kxg2 exf4 13. gxf4 Qg4+ 14. Ng3 Qxd1 15. Rxd1 Nbd7 16. Re1 Rfe8 17. Bd2 Bf8 18. Re2 g6 19. Rae1 Bh6 20. Kf3 Kh8 21. Nd1 Ng8 22. Bc3+ f6 23. Nf2 b5 24. axb5 axb5 25. cxb5 Reb8 26. Ng4 Bg7 27. Ne3 Rxb5 28. Nc4 Ra6 29. e5 fxe5 30. fxe5 Nxe5+ 31. Nxe5 Bxe5 32. Bxe5+ dxe5 33. Ke4 Rb4+ 34. Kxe5 Nf6 35. d6 Kg7 36. Rd1 Ra7 37. Ne4 Nd7+ 38. Kd5 Rb5 39. Nc3 Rbb7 40. Re7+ Kh6 41. Ke6 Nf8+ 42. Kf7 Nd7 43. Rf1 Rxb2 44. Ke6 Rc2 45. Rxd7 Rxc3 1-0

[Event "Primorsko op"]
[Site "Primorsko"]
[Date "2016.09.22"]
[Round "5"]
[White "Gocheva, Rumiana B"]
[Black "Petrov, Martin"]
[Result "0-1"]
[WhiteElo "2088"]
[BlackElo "2458"]
[PlyCount "50"]
[EventDate "2016.09.18"]
[EventType "swiss"]
[EventRounds "9"]
[EventCountry "BUL"]
[SourceTitle "CBM 174 Extra"]
[Source "ChessBase"]
[SourceDate "2016.10.10"]
[SourceVersion "1"]
[SourceVersionDate "2016.10.10"]
[SourceQuality "1"]

1. e4 c5 2. Nf3 e6 3. d3 Nc6 4. g3 d5 5. Nbd2 Nf6 6. Bg2 Be7 7. 0-0 Qc7 8. Re1 b6 9. exd5 exd5 10. d4 0-0 11. dxc5 bxc5 12. Nb3 Bg4 13. c3 Rad8 14. Qc2 Ne4 15. Bf4 Qb6 16. Ne5 Nxe5 17. Bxe5 Bf5 18. Qe2 Rfe8 19. Qe3 f6 20. f3 fxe5 21. fxe4 d4 22. Qd2 Be6 23. Nc1 dxc3 24. Qxc3 c4+ 25. Kh1 Bb4 0-1

[Event "GRE-chT 44th"]
[Site "Achaia"]
[Date "2016.07.06"]
[Round "2.4"]
[White "Gocheva, Rumiana B"]
[Black "Zawadzka, Jolanta"]
[Result "0-1"]
[WhiteElo "2121"]
[BlackElo "2440"]
[PlyCount "100"]
[EventDate "2016.07.05"]
[EventType "team-swiss"]
[EventRounds "7"]
[EventCountry "GRE"]
[SourceTitle "CBM 173 Extra"]
[Source "ChessBase"]
[SourceDate "2016.08.29"]
[SourceVersion "1"]
[SourceVersionDate "2016.08.29"]
[SourceQuality "1"]
[WhiteTeam "OFI"]
[BlackTeam "Thessaloniki HS"]
[WhiteTeamCountry "GRE"]
[BlackTeamCountry "GRE"]

1. e4 c5 2. Nf3 Nc6 3. d4 cxd4 4. Nxd4 e6 5. Nc3 Qc7 6. a3 a6 7. Be2 Nf6 8. 0-0 Nxd4 9. Qxd4 Bc5 10. Qd3 b5 11. Be3 Bb7 12. Bf3 Bd6 13. h3 Rc8 14. Rfd1 Be5 15. Bd4 Bxd4 16. Qxd4 e5 17. Qb4 Qc5 18. Rd6 Ke7 19. Qxc5 Rxc5 20. Rb6 Rb8 21. a4 Rc6 22. Rxc6 dxc6 23. b4 Rd8 24. Rd1 Rxd1+ 25. Bxd1 bxa4 26. Nxa4 Nxe4 27. f3 Nd6 28. Nc5 Bc8 29. Be2 Nb5 30. c4 Nd4 31. Bd3 Ne6 32. Na4 c5 33. b5 Kd6 34. Be4 axb5 35. cxb5 Nd8 36. Kf2 f5 37. Bd3 Be6 38. Nb2 Nb7 39. Bc4 Na5 40. Bxe6 Kxe6 41. Ke3 Kd5 42. h4 g6 43. g3 Nb7 44. Na4 Kc4 45. Nb6+ Kxb5 46. Nd7 Nd6 47. Nf8 c4 48. Nxh7 c3 49. Kd3 Kb4 50. Kc2 Nb5 0-1

[Event "GRE-chT 44th"]
[Site "Achaia"]
[Date "2016.07.06"]
[Round "3.12"]
[White "Kipraki, Nikoleta"]
[Black "Gocheva, Rumiana B"]
[Result "1/2-1/2"]
[WhiteElo "1663"]
[BlackElo "2121"]
[PlyCount "110"]
[EventDate "2016.07.05"]
[EventType "team-swiss"]
[EventRounds "7"]
[EventCountry "GRE"]
[SourceTitle "CBM 173 Extra"]
[Source "ChessBase"]
[SourceDate "2016.08.29"]
[SourceVersion "1"]
[SourceVersionDate "2016.08.29"]
[SourceQuality "1"]
[WhiteTeam "Xanthi CN"]
[BlackTeam "OFI"]
[WhiteTeamCountry "GRE"]
[BlackTeamCountry "GRE"]

1. d4 Nf6 2. Nf3 d6 3. Bf4 Nbd7 4. e3 Nh5 5. Bg5 h6 6. Bh4 g5 7. Bg3 Bg7 8. Nbd2 Ndf6 9. Bd3 0-0 10. Ne4 Nxe4 11. Bxe4 f5 12. Bd3 Qe8 13. Be2 Nf6 14. Qd3 Qf7 15. h3 Ne4 16. Bh2 c5 17. Nd2 Nxd2 18. Kxd2 cxd4 19. exd4 Qd5 20. Qc4 Be6 21. Qxd5 Bxd5 22. f3 Bxd4 23. c3 Bf6 24. Rhe1 a6 25. Bd3 f4 26. Bg1 b5 27. Be4 Bxe4 28. Rxe4 Rfc8 29. Kd3 Rc6 30. Rae1 e5 31. Rd1 d5 32. Re2 Kf7 33. Red2 Rd8 34. Ke2 Ke6 35. Bf2 Be7 36. a3 a5 37. Bg1 b4 38. cxb4 axb4 39. a4 d4 40. Kd3 Kd5 41. Ke2 b3 42. Bxd4 Ke6 43. Bc3 Rxd2+ 44. Rxd2 Rc4 45. a5 Ra4 46. Kd3 Bc5 47. Re2 Be3 48. Re1 Kd5 49. Rd1 Bd4 50. Re1 Be3 51. Rd1 Ra2 52. Ke2+ Bd4 53. Kd3 h5 54. Re1 Be3 55. Rd1 Bd4 1/2-1/2

[Event "GRE-chT 43rd"]
[Site "Porto Rio"]
[Date "2015.10.08"]
[Round "1.13"]
[White "Vourtsa, Georgia"]
[Black "Gocheva, Rumiana B"]
[Result "1/2-1/2"]
[WhiteElo "1757"]
[BlackElo "2126"]
[PlyCount "86"]
[EventDate "2015.10.08"]
[EventType "team-swiss"]
[EventRounds "7"]
[EventCountry "GRE"]
[SourceTitle "CBM 168 Extra"]
[Source "ChessBase"]
[SourceDate "2015.10.29"]
[SourceVersion "1"]
[SourceVersionDate "2015.10.29"]
[SourceQuality "1"]
[WhiteTeam "Kalamarias Han"]
[BlackTeam "OFI"]
[WhiteTeamCountry "GRE"]
[BlackTeamCountry "GRE"]

1. d4 Nf6 2. Nf3 c5 3. c3 e6 4. Bg5 b6 5. Nbd2 Be7 6. e3 d6 7. Be2 h6 8. Bxf6 Bxf6 9. 0-0 Bb7 10. a4 a6 11. Qb1 Qc7 12. b4 Nd7 13. Qb3 0-0 14. Rab1 cxd4 15. cxd4 Rac8 16. Qa3 Qb8 17. Rfc1 Be7 18. b5 a5 19. Ne1 Rfe8 20. Nd3 e5 21. Qb2 exd4 22. Qxd4 Nc5 23. Nc4 Bf6 24. Qxd6 Nxa4 25. Qa3 Nc3 26. Rxc3 Bxc3 27. Qxc3 Bd5 28. Ndb2 Re4 29. f3 Re7 30. e4 Bxc4 31. Nxc4 Rc5 32. Qe3 Rd7 33. Nxa5 Qa7 34. Nc6 Qa2 35. Re1 Rd2 36. Nb4 Qb2 37. Nd3 Rc3 38. Qxb6 Rcxd3 39. Bxd3 Rxd3 40. Qc5 Rd2 41. Qc8+ Kh7 42. Qf5+ Kg8 43. Qc8+ Kh7 1/2-1/2

[Event "GRE-chT 42nd"]
[Site "Porto Rio"]
[Date "2014.06.29"]
[Round "2.5"]
[White "Barogianni, Sotiria"]
[Black "Gocheva, Rumiana B"]
[Result "0-1"]
[WhiteElo "1571"]
[BlackElo "2135"]
[PlyCount "60"]
[EventDate "2014.06.28"]
[EventType "team-swiss"]
[EventRounds "7"]
[EventCountry "GRE"]
[SourceTitle "CBM 161 Extra"]
[Source "ChessBase"]
[SourceDate "2014.08.29"]
[SourceVersion "1"]
[SourceVersionDate "2014.08.29"]
[SourceQuality "1"]
[WhiteTeam "Korydallos"]
[BlackTeam "OFI"]
[WhiteTeamCountry "GRE"]
[BlackTeamCountry "GRE"]

1. e4 g6 2. d4 c6 3. Nc3 d5 4. exd5 cxd5 5. Bb5+ Nc6 6. Nf3 Bg4 7. h3 Bxf3 8. Qxf3 e6 9. 0-0 Bg7 10. Re1 Nge7 11. Bg5 0-0 12. Bxc6 bxc6 13. Rad1 f6 14. Bh4 Nf5 15. Bg3 Nxg3 16. Qxg3 e5 17. Ne2 Rb8 18. b3 e4 19. c4 f5 20. Nf4 Qd6 21. c5 Qf6 22. h4 Rb4 23. Qg5 Re8 24. f3 Qxg5 25. hxg5 Rxd4 26. fxe4 Rexe4 27. g3 Rxd1 28. Rxd1 Bf8 29. Rc1 Be7 30. Kf2 Bxg5 0-1

[Event "GRE-chT 41st"]
[Site "Achaia"]
[Date "2013.07.07"]
[Round "7.5"]
[White "Gocheva, Rumiana B"]
[Black "Toumbeli, Zoi"]
[Result "1-0"]
[WhiteElo "2132"]
[BlackElo "1960"]
[PlyCount "67"]
[EventDate "2013.07.02"]
[EventType "team-swiss"]
[EventRounds "7"]
[EventCountry "GRE"]
[SourceTitle "CBM 155 Extra"]
[Source "ChessBase"]
[SourceDate "2013.08.26"]
[SourceVersion "1"]
[SourceVersionDate "2013.08.26"]
[SourceQuality "1"]
[WhiteTeam "OFI"]
[BlackTeam "Nautical Association"]
[WhiteTeamCountry "GRE"]
[BlackTeamCountry "GRE"]

1. e4 d6 2. d4 Nf6 3. Nc3 g6 4. g3 Bg7 5. Bg2 0-0 6. Nge2 c6 7. a4 e5 8. h3 Qc7 9. 0-0 a5 10. Be3 Na6 11. Qd2 Nb4 12. g4 Rd8 13. Rad1 Rd7 14. f4 Ne8 15. Rf2 Qd8 16. f5 f6 17. fxg6 hxg6 18. Ng3 c5 19. d5 Rf7 20. Rdf1 Qe7 21. Bf3 Nc7 22. Be2 Bd7 23. Bxc5 dxc5 24. d6 Qe8 25. dxc7 Rc8 26. Nb5 Bxb5 27. Bxb5 Nc6 28. Bc4 Rcxc7 29. Bxf7+ Rxf7 30. Qd5 b6 31. g5 Qc8 32. Rxf6 Qxh3 33. Qxf7+ Kh7 34. Qxg6+ 1-0

[Event "GRE-chT 41st"]
[Site "Achaia"]
[Date "2013.07.06"]
[Round "6.5"]
[White "Gocheva, Rumiana B"]
[Black "Barbageorgopoulou, Despina"]
[Result "0-1"]
[WhiteElo "2132"]
[BlackElo "1761"]
[PlyCount "52"]
[EventDate "2013.07.02"]
[EventType "team-swiss"]
[EventRounds "7"]
[EventCountry "GRE"]
[SourceTitle "CBM 155 Extra"]
[Source "ChessBase"]
[SourceDate "2013.08.26"]
[SourceVersion "1"]
[SourceVersionDate "2013.08.26"]
[SourceQuality "1"]
[WhiteTeam "OFI"]
[BlackTeam "Polichnis"]
[WhiteTeamCountry "GRE"]
[BlackTeamCountry "GRE"]

1. e4 e5 2. Bc4 Nf6 3. d3 c6 4. Bb3 Bb4+ 5. c3 Ba5 6. Nf3 d6 7. 0-0 Nbd7 8. Nbd2 h6 9. Nh4 Nf8 10. Qf3 Ne6 11. Nc4 Bc7 12. Nf5 d5 13. exd5 cxd5 14. Ba4+ Kf8 15. Nce3 Ng5 16. Qe2 d4 17. h4 Ngh7 18. b3 Bxf5 19. Nxf5 g6 20. Bxh6+ Kg8 21. cxd4 gxf5 22. dxe5 Ng4 23. Bf4 Qxh4 24. Bg3 Qh5 25. f3 Bb6+ 26. Bf2 Ng5 0-1

[Event "GRE-chT 41st"]
[Site "Achaia"]
[Date "2013.07.03"]
[Round "2.5"]
[White "Nikolaidou, Eleni"]
[Black "Gocheva, Rumiana B"]
[Result "0-1"]
[WhiteElo "1873"]
[BlackElo "2132"]
[PlyCount "74"]
[EventDate "2013.07.02"]
[EventType "team-swiss"]
[EventRounds "7"]
[EventCountry "GRE"]
[SourceTitle "CBM 155 Extra"]
[Source "ChessBase"]
[SourceDate "2013.08.26"]
[SourceVersion "1"]
[SourceVersionDate "2013.08.26"]
[SourceQuality "1"]
[WhiteTeam "Egialias HS"]
[BlackTeam "OFI"]
[WhiteTeamCountry "GRE"]
[BlackTeamCountry "GRE"]

1. e4 c5 2. Nf3 Nc6 3. c3 Nf6 4. e5 Nd5 5. Bc4 Nb6 6. Bb3 c4 7. Bc2 d6 8. exd6 Qxd6 9. 0-0 Bg4 10. h3 Bh5 11. Qe2 e6 12. b3 Qf4 13. Qe3 Bd6 14. Qxf4 Bxf4 15. Be4 0-0-0 16. Bxc6 bxc6 17. Nd4 Kb7 18. Re1 Rd7 19. g3 Bh6 20. a4 c5 21. a5 Nc8 22. Nc2 cxb3 23. Nca3 Ka6 24. Nc4 Nd6 25. Nba3 Bg6 26. Ne5 Rc7 27. c4 Rb8 28. Bb2 Bxd2 29. Red1 Ne4 30. Nb5 Rxb5 31. cxb5+ Kxb5 32. f3 Bc3 33. Nxg6 Bxb2 34. Rab1 Nc3 35. Rxb2 Nxd1 36. Rxb3+ Kc4 37. Rb1 Nc3 0-1

[Event "EU-ch Seniors (Women) 13th"]
[Site "Plovdiv"]
[Date "2013.03.19"]
[Round "9"]
[White "Voiska, Margarita"]
[Black "Gocheva, Rumiana B"]
[Result "1/2-1/2"]
[WhiteElo "2289"]
[BlackElo "2129"]
[PlyCount "21"]
[EventDate "2013.03.11"]
[EventType "swiss"]
[EventRounds "9"]
[EventCountry "BUL"]
[SourceTitle "CBM 153 Extra"]
[Source "ChessBase"]
[SourceDate "2013.04.22"]
[SourceVersion "1"]
[SourceVersionDate "2013.04.22"]
[SourceQuality "1"]

1. d4 Nf6 2. Nf3 g6 3. g3 Bg7 4. Bg2 d6 5. 0-0 0-0 6. a4 a5 7. Nbd2 Nbd7 8. e4 e5 9. dxe5 dxe5 10. b3 Re8 11. Bb2 1/2-1/2

[Event "EU-ch Seniors (Women) 13th"]
[Site "Plovdiv"]
[Date "2013.03.17"]
[Round "7"]
[White "Gocheva, Rumiana B"]
[Black "Tsifanskaya, Ludmila A"]
[Result "1/2-1/2"]
[WhiteElo "2129"]
[BlackElo "2095"]
[PlyCount "91"]
[EventDate "2013.03.11"]
[EventType "swiss"]
[EventRounds "9"]
[EventCountry "BUL"]
[SourceTitle "CBM 153 Extra"]
[Source "ChessBase"]
[SourceDate "2013.04.22"]
[SourceVersion "1"]
[SourceVersionDate "2013.04.22"]
[SourceQuality "1"]

1. e4 c5 2. Nf3 Nc6 3. d4 cxd4 4. Nxd4 Qb6 5. Nb3 Nf6 6. Nc3 e6 7. Bd3 a6 8. 0-0 Qc7 9. Qe2 Be7 10. Bd2 0-0 11. Rae1 d6 12. f4 b5 13. e5 Nd7 14. exd6 Bxd6 15. Ne4 Be7 16. Kh1 Nf6 17. Rf3 Nxe4 18. Bxe4 g6 19. Na5 Nd4 20. Qf1 Nxf3 21. Qxf3 Rd8 22. Bc3 b4 23. Nc6 bxc3 24. Nxe7+ Qxe7 25. Bxa8 cxb2 26. Qb3 Qd6 27. Qxb2 Qxf4 28. Bf3 Qc7 29. c3 Bd7 30. Rc1 Bc6 31. Bxc6 Qxc6 32. h3 Qc4 33. Qb3 Qe2 34. a4 Rd2 35. Rg1 Qe4 36. a5 Rd3 37. Kh2 Qe5+ 38. Kh1 Rxc3 39. Qb6 Rc5 40. Qxa6 Rxa5 41. Qb7 Ra3 42. Rf1 f5 43. Qe7 Ra1 44. Qe8+ Kg7 45. Qe7+ Kg8 46. Qe8+ 1/2-1/2

[Event "EU-ch Seniors (Women) 13th"]
[Site "Plovdiv"]
[Date "2013.03.11"]
[Round "1"]
[White "Gocheva, Rumiana B"]
[Black "Milashevskaja, Valentina"]
[Result "1-0"]
[WhiteElo "2129"]
[BlackElo "1800"]
[PlyCount "123"]
[EventDate "2013.03.11"]
[EventType "swiss"]
[EventRounds "9"]
[EventCountry "BUL"]
[SourceTitle "CBM 153 Extra"]
[Source "ChessBase"]
[SourceDate "2013.04.22"]
[SourceVersion "1"]
[SourceVersionDate "2013.04.22"]
[SourceQuality "1"]

1. e4 e6 2. d3 d5 3. Nd2 Nc6 4. Ngf3 Bd6 5. c3 Nge7 6. b4 Ng6 7. d4 dxe4 8. Nxe4 Be7 9. g3 Qd5 10. Ned2 0-0 11. Qb3 Qxb3 12. axb3 a6 13. b5 Nd8 14. Nc4 b6 15. Be2 Bb7 16. bxa6 Rxa6 17. Rxa6 Bxa6 18. h4 Bf6 19. g4 Re8 20. h5 Nf8 21. Bf4 Bxc4 22. Bxc4 c6 23. Kd2 Nd7 24. Bc7 Nb7 25. Ba6 Na5 26. b4 Ra8 27. Bd3 Ra7 28. Bg3 Nb7 29. Kc2 h6 30. Kb2 Be7 31. Ne5 Nxe5 32. Bxe5 Nd6 33. Re1 Kf8 34. f4 Ne8 35. f5 exf5 36. Bxf5 Nf6 37. Bb8 Rb7 38. Bg3 Ra7 39. Ra1 Rxa1 40. Kxa1 c5 41. dxc5 bxc5 42. b5 Nd5 43. c4 Nb6 44. Bd3 Ke8 45. Kb2 Kd8 46. Kb3 f6 47. Bf5 Bf8 48. Be6 Be7 49. Kc3 Ke8 50. Kd3 Bd8 51. Ke4 Ke7 52. Kf5 Na4 53. Bg8 Nc3 54. Be1 Ne2 55. Kg6 Kf8 56. Kh7 Bc7 57. Bd5 Nd4 58. Bf2 Bb6 59. Bg3 Bd8 60. Bd6+ Be7 61. Bxe7+ Kxe7 62. b6 1-0

[Event "Plovdiv Tringov Memorial 35th"]
[Site "Plovdiv"]
[Date "2013.02.10"]
[Round "9"]
[White "Gocheva, Rumiana B"]
[Black "Radulov, Ivan"]
[Result "1/2-1/2"]
[WhiteElo "2127"]
[BlackElo "2294"]
[PlyCount "31"]
[EventDate "2013.02.03"]
[EventType "swiss"]
[EventRounds "9"]
[EventCountry "BUL"]
[SourceTitle "CBM 152 Extra"]
[Source "ChessBase"]
[SourceDate "2013.02.25"]
[SourceVersion "1"]
[SourceVersionDate "2013.02.25"]
[SourceQuality "1"]

1. e4 e5 2. Bc4 Nc6 3. Nf3 Be7 4. 0-0 Nf6 5. d3 d6 6. Nbd2 0-0 7. c3 a6 8. Bb3 Be6 9. h3 Qd7 10. Re1 h6 11. Nf1 Kh7 12. Ng3 Bxb3 13. Qxb3 g6 14. Qc2 Rfe8 15. Be3 Bf8 16. Rad1 1/2-1/2

[Event "Sofia op 2nd"]
[Site "Sofia"]
[Date "2011.10.08"]
[Round "7"]
[White "Badev, Kiril"]
[Black "Gocheva, Rumiana B"]
[Result "1-0"]
[WhiteElo "2317"]
[BlackElo "2152"]
[PlyCount "41"]
[EventDate "2011.10.03"]
[EventType "swiss"]
[EventRounds "9"]
[EventCountry "BUL"]
[SourceTitle "CBM 144 Extra"]
[Source "ChessBase"]
[SourceDate "2011.10.28"]
[SourceVersion "1"]
[SourceVersionDate "2011.10.28"]
[SourceQuality "1"]

1. e4 c5 2. Nf3 Nc6 3. d4 cxd4 4. Nxd4 Nf6 5. Nc3 d6 6. Bg5 Bd7 7. Qd2 h6 8. Bxf6 gxf6 9. 0-0-0 Nxd4 10. Qxd4 Qa5 11. Kb1 Rg8 12. Nd5 f5 13. exf5 Bxf5 14. Qe3 Rg6 15. Bb5+ Kd8 16. a4 Rc8 17. Rd2 Rg4 18. f4 Rxc2 19. Rxc2 Bxc2+ 20. Kxc2 Rxg2+ 21. Kc1 1-0

[Event "Sofia op 2nd"]
[Site "Sofia"]
[Date "2011.10.07"]
[Round "6"]
[White "Gocheva, Rumiana B"]
[Black "Nikolov, Savko"]
[Result "1-0"]
[WhiteElo "2152"]
[BlackElo "1934"]
[PlyCount "63"]
[EventDate "2011.10.03"]
[EventType "swiss"]
[EventRounds "9"]
[EventCountry "BUL"]
[SourceTitle "CBM 144 Extra"]
[Source "ChessBase"]
[SourceDate "2011.10.28"]
[SourceVersion "1"]
[SourceVersionDate "2011.10.28"]
[SourceQuality "1"]

1. e4 c5 2. Nf3 Nc6 3. d4 cxd4 4. Nxd4 g6 5. Nc3 Bg7 6. Nb3 Nf6 7. Be2 0-0 8. 0-0 d6 9. Re1 Be6 10. Bg5 Nd7 11. Qd2 f5 12. Bb5 Nde5 13. Nd5 a6 14. Bxc6 Nxc6 15. exf5 Bxf5 16. Nxe7+ Nxe7 17. Bxe7 Qb6 18. Bxf8 Rxf8 19. c3 Be5 20. Nd4 Bd7 21. Nf3 Bf6 22. Rad1 Bg4 23. Qd5+ Kg7 24. Qb3 Qc7 25. Rd3 Bf5 26. Nd4 Bh4 27. g3 Bg5 28. Ne6+ Bxe6 29. Rxe6 Qf7 30. Re2 Qf5 31. Qxb7+ Rf7 32. Qd5 1-0

[Event "Sofia op 2nd"]
[Site "Sofia"]
[Date "2011.10.06"]
[Round "5"]
[White "Gocheva, Rumiana B"]
[Black "Andreev, Stanislav"]
[Result "1/2-1/2"]
[WhiteElo "2152"]
[BlackElo "2201"]
[PlyCount "95"]
[EventDate "2011.10.03"]
[EventType "swiss"]
[EventRounds "9"]
[EventCountry "BUL"]
[SourceTitle "CBM 144 Extra"]
[Source "ChessBase"]
[SourceDate "2011.10.28"]
[SourceVersion "1"]
[SourceVersionDate "2011.10.28"]
[SourceQuality "1"]

1. e4 c6 2. d4 d5 3. Nd2 g6 4. c3 Bg7 5. Bd3 Nh6 6. h4 Nd7 7. h5 Nf6 8. hxg6 hxg6 9. Ngf3 dxe4 10. Nxe4 Nxe4 11. Bxe4 Bf5 12. Bxf5 Nxf5 13. Rxh8+ Bxh8 14. Bf4 Qd5 15. Qe2 0-0-0 16. g4 Nd6 17. 0-0-0 Bf6 18. g5 Bg7 19. Be5 Bxe5 20. dxe5 Qe4 21. Re1 Qf4+ 22. Qe3 Qxe3+ 23. fxe3 Ne4 24. e6 fxe6 25. Rg1 Rf8 26. Ne5 Rf5 27. Nxg6 Kd7 28. Rd1+ Ke8 29. Nf4 Nxg5 30. Rh1 e5 31. Nd3 Ne4 32. Rh4 Nd6 33. e4 Rg5 34. b3 b6 35. a4 Nf7 36. c4 c5 37. b4 cxb4 38. Nxb4 Nd6 39. Nd5 Nxc4 40. Rh7 Rg4 41. Rxe7+ Kd8 42. Rxa7 Nd6 43. Ra8+ Nc8 44. Nxb6 Kc7 45. Nxc8 Rxe4 46. Ne7 Kb7 47. Ra5 Kb6 48. Rb5+ 1/2-1/2